Statistiken für Größ­te Städte Deutschlands - Extrem

Klicken Sie hier um das Quiz zu spielen!

Allgemein

  • Dieses Quiz wurde 30.856 mal gespielt
  • Das Durchschnittsergebnis liegt bei 90 aus 200

Antwortstatistiken

BevölkerungStadt% Korrekt
3.520.031Berlin
99%
1.787.408Hamburg
98%
1.450.381München
98%
1.060.582Köln
97%
58.092Frankfurt (Oder)
95%
732.688Frankfurt am Main
95%
623.738Stuttgart
94%
557.464Bremen
94%
612.178Düsseldorf
93%
586.181Dortmund
91%
543.825Dresden
91%
560.472Leipzig
90%
246.306Kiel
90%
532.163Hannover
89%
509.975Nürnberg
88%
582.624Essen
87%
209.779Mainz
84%
167.745Potsdam
83%
178.151Saarbrücken
81%
206.011Rostock
80%
226.393Freiburg im Breisgau
80%
318.809Bonn
79%
286.374Augsburg
79%
210.118Erfurt
79%
235.723Magdeburg
79%
305.780Mannheim
78%
245.885Aachen
78%
276.218Wiesbaden
77%
333.090Bielefeld
76%
491.231Duisburg
76%
96.800Schwerin
75%
307.755Karlsruhe
74%
124.045Wolfsburg
73%
248.645Chemnitz
73%
364.742Bochum
72%
197.984Kassel
72%
260.368Gelsenkirchen
72%
109.527Jena
72%
310.039Münster
72%
122.636Ulm
72%
114.025Bremerhaven
70%
216.253Lübeck
69%
236.991Halle
69%
145.465Regensburg
69%
85.942Flensburg
69%
132.438Ingolstadt
68%
251.364Braunschweig
68%
162.403Osnabrück
67%
124.873Würzburg
67%
156.267Heidelberg
66%
163.487Leverkusen
65%
112.586Koblenz
65%
350.046Wuppertal
65%
114.914Trier
64%
155.353Darmstadt
64%
148.126Paderborn
63%
163.830Oldenburg
63%
259.996Mönchengladbach
63%
124.171Fürth
62%
98.520Kaiserslautern
61%
99.687Cottbus
60%
118.914Göttingen
59%
164.718Ludwigshafen am Rhein
59%
50.566Passau
55%
123.734Offenbach am Main
55%
179.397Hamm
54%
210.934Oberhausen
54%
96.011Gera
54%
91.123Zwickau
52%
108.336Erlangen
52%
225.144Krefeld
52%
111.366Bergisch Gladbach
51%
73.331Bamberg
51%
82.859Konstanz
51%
71.574Brandenburg an
der Havel
50%
84.455Gießen
50%
67.253Fulda
49%
64.131Weimar
48%
72.148Bayreuth
47%
54.160Baden-Baden
47%
122.567Heilbronn
47%
189.044Hagen
47%
102.355Siegen
47%
68.986Aschaffenburg
46%
122.247Pforzheim
45%
158.726Solingen
45%
61.844Rosenheim
45%
155.851Herne
45%
87.464Tübingen
44%
50.694Emden
43%
117.143Bottrop
43%
114.330Recklinghausen
43%
101.667Hildesheim
43%
155.414Neuss
43%
74.072Lüneburg
42%
114.310Reutlingen
42%
73.836Marburg
42%
69.748Celle
41%
75.995Wilhelmshaven
41%
92.643Hanau
40%
51.969Schweinfurt
40%
67.344Aalen
40%
59.108Friedrichshafen
38%
57.237Neu-Ulm
38%
92.973Ludwigsburg
38%
101.079Salzgitter
38%
169.278Mülheim an der Ruhr
38%
57.286Greifswald
37%
109.499Remscheid
37%
82.102Worms
36%
82.919Dessau-Roßlau
35%
58.041Stralsund
35%
50.095Ravensburg
35%
55.255Görlitz
35%
104.529Moers
35%
97.586Gütersloh
35%
53.244Bad Homburg
35%
66.947Kempten (Allgäu)
35%
48.709Heidenheim an
der Brenz
34%
63.602Neubrandenburg
34%
81.598Minden
34%
96.700Witten
33%
58.465Offenburg
33%
79.197Neumünster
33%
69.211Landshut
32%
59.111Unna
32%
52.999Neustadt a. d.
Weinstraße
32%
84.674Villingen-Schwenningen
31%
50.782Goslar
31%
90.244Düren
30%
91.271Esslingen am Neckar
30%
50.284Speyer
29%
56.529Hameln
29%
93.537Iserlohn
29%
74.817Detmold
27%
56.781Göppingen
27%
65.201Plauen
26%
76.323Delmenhorst
26%
67.233Lippstadt
25%
52.287Ahlen
25%
63.030Rüsselsheim am Main
24%
51.649Wetzlar
24%
49.611Böblingen
24%
50.412Gummersbach
23%
74.852Rheine
23%
75.931Viersen
23%
66.521Herford
23%
73.354Lüdenscheid
23%
71.443Bocholt
23%
74.220Castrop-Rauxel
23%
87.943Ratingen
22%
60.595Wesel
22%
49.366Peine
22%
63.971Sindelfingen
22%
56.769Euskirchen
22%
49.153Lörrach
22%
75.455Gladbeck
22%
48.494Rastatt
22%
53.284Lingen
22%
76.712Norderstedt
21%
83.926Marl
21%
52.269Wolfenbüttel
20%
64.340Neuwied
19%
75.431Dorsten
19%
73.784Arnsberg
19%
67.452Dinslaken
19%
81.430Velbert
18%
49.406Bad Kreuznach
18%
74.400Troisdorf
18%
59.840Schwäbisch Gmünd
18%
48.363Frankenthal (Pfalz)
18%
64.064Dormagen
18%
85.867Lünen
18%
59.496Hürth
17%
63.051Grevenbroich
17%
53.285Nordhorn
17%
65.477Kerpen
16%
55.185Hilden
16%
60.390Bergheim
15%
51.999Frechen
15%
48.846Bad Oeynhausen
15%
54.834Hattingen
15%
49.206Elmshorn
15%
48.526Rheda-Wiedenbrück
14%
60.590Garbsen
14%
58.033Langenfeld
14%
53.323Langenhagen
14%
55.709Sankt Augustin
14%
54.263Waiblingen
14%
53.485Menden
14%
55.909Eschweiler
14%
49.513Erftstadt
13%
61.163Herten
13%
54.892Meerbusch
13%
50.935Ibbenbüren
13%
53.341Bad Salzuflen
13%
56.739Stolberg
12%
54.200Pulheim
12%
48.543Bergkamen
12%
50.784Willich
10%

Verteilung der Resultate

Perzentil nach korrekt beantworteten Fragen

Anzahl Personen mit jedem Resultat

Ihre Resultats-Entwicklung

Sie haben dieses Quiz noch nicht gespielt